Science Quiz

Random Science or Animal Quiz

Shark Anatomy Quiz Stats

Quiz Updated Jul 1, 2015

Also try: Sharks!
Challenge
Share
Tweet
Embed
Score 0/15 Timer 04:00
13 Plays Today
Hint Answer % Correct
Predominant fin located on the backs of sharks used for stabilizationDorsal fin
94.3%
Slits located on the side of a shark's head that aid in respirationGills
80%
Part of a shark that regenerates when broken or worn downTeeth
79.5%
Type of fin that provides dynamic lift and helps to maintain depthPectoral fin
65.2%
U-shaped organ that uses strong enzymes and acids to dissolve foodStomach
60.9%
Flexible and durable connective tissue that composes a shark's skeletonCartilage
58.4%
Organ that makes of 30% of total body mass and helps with buoyancyLiver
56.4%
Type of fin used as the main source of thrust used for propulsionCaudal fin
49.3%
Hint Answer % Correct
Type of fin that assists with turning, stopping, and moving up or downPelvic fin
40.7%
Part of a male shark that assists with matingClaspers
36.4%
Small, thick piece of cartilage located on the floor of the mouthBasihyal
28.9%
Sharp protrusions on their skin that reduce turbulence when swimming; means 'small teeth' Denticles
25.2%
Type of pore that allows sharks to detect motion or vibrations in waterLateral line
17.1%
Sensory organ used to detect electromagnetic fields of other animalsAmpullae of Lorenzini
15%
Crystal blocks made of calcium salts arranged in a mosaic on a shark's jaws Tesserae
11.7%

You're not logged in!

Compare scores with friends on all Sporcle quizzes.
Sign Up with Email
OR
Log In

You Might Also Like...

Show Comments

Extras

Top Quizzes Today


Score Distribution

Your Account Isn't Verified!

In order to create a playlist on Sporcle, you need to verify the email address you used during registration. Go to your Sporcle Settings to finish the process.